书目信息 |
| 题名: |
游泳
|
|
| 作者: | 刘迅雷 主编 | |
| 分册: | ||
| 出版信息: | 西安 西安交通大学出版社 2020.8 |
|
| 页数: | 237页 | |
| 开本: | 24cm | |
| 丛书名: | ||
| 单 册: | ||
| 中图分类: | G861.1 | |
| 科图分类: | ||
| 主题词: | 游泳--高等学校--教材 | |
| 电子资源: | ||
| ISBN: | 978-7-5693-1135-8 | |
| 000 | 01006nam0 2200241 45 | |
| 001 | 490128 | |
| 005 | 20140817185619.0 | |
| 010 | @a978-7-5693-1135-8@dCNY56.00 | |
| 100 | @a20201106d2020 em y0chiy0110 ea | |
| 101 | 0 | @achi |
| 102 | @aCN@b610000 | |
| 105 | @aa z 000yy | |
| 106 | @ar | |
| 200 | 1 | @a游泳@Ayou yong@f刘迅雷主编 |
| 210 | @a西安@c西安交通大学出版社@d2020.8 | |
| 215 | @a237页@c图@d24cm | |
| 300 | @a西安交通大学体育课程系列教材 | |
| 330 | @a本教材内容主要包括游泳运动发展简史,游泳运动技术教程,游泳运动的规则及裁判法,游泳救生技能的发展简史,游泳救生的基本原则,游泳救生的基本技术教程,水上运动等几个方面,旨在让学生在掌握游泳基本技术的基础上,激发学生的学习兴趣,培养学生积极参与游泳锻炼的能力,进而教授学生游泳救生技能,提高学生户外避险的意识,积极有效地参与游泳救援活动,为学生建立终身体育打下良好的基础。 | |
| 606 | 0 | @a游泳@x高等学校@j教材 |
| 690 | @aG861.1@v5 | |
| 701 | 0 | @a刘迅雷@Aliu xun lei@4主编 |
| 801 | @aCN@b江苏凤凰@c20211018 | |
| 905 | @b1355745-8@dG861.1@e106@f4 | |
| 游泳/刘迅雷主编.-西安:西安交通大学出版社,2020.8 |
| 237页:图;24cm |
| 西安交通大学体育课程系列教材 |
| ISBN 978-7-5693-1135-8:CNY56.00 |
| 本教材内容主要包括游泳运动发展简史,游泳运动技术教程,游泳运动的规则及裁判法,游泳救生技能的发展简史,游泳救生的基本原则,游泳救生的基本技术教程,水上运动等几个方面,旨在让学生在掌握游泳基本技术的基础上,激发学生的学习兴趣,培养学生积极参与游泳锻炼的能力,进而教授学生游泳救生技能,提高学生户外避险的意识,积极有效地参与游泳救援活动,为学生建立终身体育打下良好的基础。 |
| ● |
| 相关链接 |
|
|
|
|
正题名:游泳
索取号:G861.1/106
 
预约/预借
| 序号 | 登录号 | 条形码 | 馆藏地/架位号 | 状态 | 备注 |
| 1 | 1355745 | 213557453 | 第一样本阅览室/ [索取号:G861.1/106] | 在馆 | |
| 2 | 1355746 | 213557462 | 第四借阅区/ [索取号:G861.1/106] | 在馆 | |
| 3 | 1355747 | 213557471 | 第四借阅区/ [索取号:G861.1/106] | 在馆 | |
| 4 | 1355748 | 213557480 | 第四借阅区/ [索取号:G861.1/106] | 在馆 |